Libri della Bibbia - Statistics

Statistiche generali
  • Questo quiz è stato fatto 196 volte
  • Il punteggio medio è 40 su 73
Statistiche sulle risposte
Libro % Corretto
Genesi
97%
Giovanni
92%
Luca
92%
Esodo
91%
Giovanni 1
91%
Giovanni 2
91%
Giovanni 3
91%
Marco
91%
Apocalisse
90%
Matteo
90%
Re 1
90%
Re 2
90%
Deuteronomio
86%
Corinzi 1
78%
Corinzi 2
78%
Levitico
78%
Numeri
77%
Isaia
76%
Romani
75%
Salmi
68%
Tessalonicesi 1
66%
Tessalonicesi 2
66%
Pietro 1
64%
Pietro 2
64%
Atti degli Apostoli
63%
Geremia
63%
Proverbi
58%
Samuele 1
58%
Samuele 2
58%
Ezechiele
56%
Giuda
55%
Rut
54%
Ebrei
53%
Giacomo
53%
Efesini
52%
Cantico dei cantici
51%
Daniele
51%
Giobbe
51%
Ecclesiaste
47%
Giosuè
47%
Tito
47%
Cronache 1
46%
Cronache 2
46%
Ester
44%
Giona
44%
Giudici
44%
Timoteo 1
44%
Timoteo 2
44%
Zaccaria
44%
Filippesi
43%
Galati
43%
Maccabei 1
43%
Maccabei 2
43%
Colossessi
38%
Filemone
36%
Amos
35%
Lamentazioni
35%
Neemia
35%
Siracide
35%
Esdra
34%
Giuditta
34%
Malachia
33%
Tobia
32%
Gioele
30%
Osea
30%
Abacuc
29%
Michea
25%
Baruc
22%
Sapienza di Salomone
21%
Sofonia
19%
Abdia
14%
Naum
14%
Aggeo
13%
Nessun quiz corrispondente trovato
Distribuzione punteggi
Percentuale di utenti per punteggio
Percentile per numero di risposta
I tuoi punteggi nel tempo
Non hai fatto questo quiz